00869nam a22002532a 450000100060000000300080000600500170001400800410003103500190007204000420009104100080013308200220014109000170016310000430018024500360022326000420025930000250030150400620032660000380038865000190042694200120044599900170045795201410047420865BD-RjUL20211209000624.0140302s1950 enk b 000 0 eng d a(BD-RjUL)20927 aDLCcFQGdOCLdUKMdEQOdBD-RjULbeng aeng a839.8226218bDOS aPT8895b.D651 aDowns, Brian Westerdale,d1893-96218402aA study of six plays by Ibsen / aCambridge :bUniversity press,c1950. axii, 212 p. ;c22 cm a"Select bibliography: p. 206-208. Bibliographic footnotes10aIbsen, Henrik,d1828-1906.964445 aFiction964443 2ddccBK c20865d20865 00102ddc40728FICaRUCLbRUCLcReadingd1965-10-14eBlack wellg25.00l0o839.8226 DOS 1950r2014-03-02 00:00:00tC-1w2014-03-02yBK